000 00555nam a22001697a 4500
005 20231106081744.0
008 231106b |||||||| |||| 00| 0 eng d
020 _a0409019623 ; 0409019631
041 _aEnglish
082 _a346.6 BOT
100 _aBotha, DH, Oosthuizen, MJ and De La Rey, EM
_lEnglish
245 _aCorporate Law /
_cDH Botha, MJ Oosthuizen and EM De La Rey
260 _aDurban :
_bButterworths,
_c1987
300 _bxiv, 660 pages ;
_c25, 5 cm.
650 _aLegal practice
_bLaw
942 _cBK
_6ALISON_BN_VRIES
999 _c294
_d294